Born in Lynwood/California - Statistics

General Stats
  • This quiz has been taken 19 times
    14 since last reset
  • The average score is 3 of 5
Answer Stats
Hint Answer % Correct
Actor and director, "Dances with Wolves" "The Untouchables" "Field of Dreams" 1955 Kevin Costner
100%
Founder of Taco Bell 1923 Glen Bell
75%
Head football coach at Fresno State University since 2022 (he previously held the same position from 2017 to 2019 and was head coach at California from 2002 to 2012) 1961 Jeff Tedford
50%
Hall of Fame NBA coach (Trail Blazers, Warriors, Kings, Rockets, Timberwolves) 1946 Rick Adelman
50%
Tennis player and winner of seven Grand Slam titles 1980 Venus Williams
50%
No matching quizzes found
Score Distribution
Percent of People with Each Score
Percentile by Number Answered
Your Score History
You have not taken this quiz since the last reset